| Record ID | marc_claremont_school_theology/CSTMARC2_multibarcode.mrc:103445733:3347 |
| Source | marc_claremont_school_theology |
| Download Link | /show-records/marc_claremont_school_theology/CSTMARC2_multibarcode.mrc:103445733:3347?format=raw |
LEADER: 03347cam a2200517Ii 4500
001 ocn870288465
003 OCoLC
005 20200617075515.6
008 140209t20152015nyu b 000 f eng d
040 $aBTCTA$beng$erda$cBTCTA$dBDX$dYDXCP$dORX$dZP7$dM8D$dCNSOA$dOCLCO$dOCLCF$dCGP$dOVY$dOCLCO$dOCL$dOCLCO
019 $a870292166
020 $a9781597805421
020 $a1597805424
029 1 $aAU@$b000054839146
035 $a(OCoLC)870288465$z(OCoLC)870292166
050 14 $aPR9619.3.E35$bD53 2015
082 04 $a823/.914$223
049 $aMAIN
100 1 $aEgan, Greg,$d1961-$eauthor.
245 10 $aDiaspora /$cGreg Egan.
264 1 $aNew York :$bNight Shade Books,$c2015.
264 4 $c©2015
300 $a334 pages ;$c21 cm
336 $atext$btxt$2rdacontent
337 $aunmediated$bn$2rdamedia
338 $avolume$bnc$2rdacarrier
520 $aA quantum Brave New World from the boldest and most wildly speculative writer of his generation. Since the Introdus in the twenty-first century, humanity has reconfigured itself drastically. Most chose immortality, joining the polises to become conscious software. Others opted for gleisners: disposable, renewable robotic bodies that remain in contact with the physical world of force and friction. Many of these have left the solar system forever in fusion-drive starships. And there are the holdouts: the fleshers left behind in the muck and jungle of Earth--some devolved into dream apes, others cavorting in the seas or the air--while the statics and bridgers try to shape out a roughly human destiny. But the complacency of the citizens is shattered when an unforeseen disaster ravages the fleshers and reveals the possibility that the polises themselves might be at risk from bizarre astrophysical processes that seem to violate fundamental laws of nature. The orphan Yatima, a digital being grown from a mind seed, joins a group of citizens and flesher refugees in a search for the knowledge that will guarantee their safety--a search that puts them on the trail of the ancient and elusive Transmuters, who have the power to reshape subatomic particles, and to cross into the macrocosmos, where the universe we know is nothing but a speck in the higher-dimensional vacuum.
504 $aIncludes bibliographical references (pages 333-334).
505 0 $aOrphanogenesis -- Truth mining -- Bridgers -- Lizard heart -- Burster -- Divergence -- Kozuch's legacy -- Short cuts -- Degrees of freedom -- Diaspora -- Wang's carpets -- Heavy -- Swift -- Embedded -- 5 + 1 -- Duality -- Partition of unity -- Centers of creaton -- Pursuit -- Invariance.
590 $bArchive
650 0 $aCyberspace$vFiction.
650 0 $aComputational intelligence$vFiction.
650 0 $aOrphans$vFiction.
650 7 $aOrphans.$2fast$0(OCoLC)fst01048433
650 7 $aComputational intelligence.$2fast$0(OCoLC)fst00871995
650 7 $aCyberspace.$2fast$0(OCoLC)fst00885794
655 7 $aScience fiction.$2fast$0(OCoLC)fst01726489
655 7 $aScience fiction.$2lcgft
655 7 $aScience fiction.$2gsafd
655 7 $aFiction.$2fast$0(OCoLC)fst01423787
938 $aBaker and Taylor$bBTCP$nBK0014463423
938 $aBrodart$bBROD$n108687767
938 $aYBP Library Services$bYANK$n11633173
994 $a92$bCST
976 $a10017047094
976 $a10017058249